ARRUPE JESUIT UNIVERSITY

CORONAVIRUS -STOP THE SPREAD - CLEAN,DISINFECT,COVER

The overloaded ark; (Record no. 120685)

MARC details
000 -LEADER
fixed length control field 00784cam a22002651 4500
001 - CONTROL NUMBER
control field 9320126
003 - CONTROL NUMBER IDENTIFIER
control field ARRUPE
005 - DATE AND TIME OF LATEST TRANSACTION
control field 20140610172410.0
008 - FIXED-LENGTH DATA ELEMENTS--GENERAL INFORMATION
fixed length control field 750811s1953 xx 000 0 eng
010 ## - LIBRARY OF CONGRESS CONTROL NUMBER
LC control number 53034510
015 ## - NATIONAL BIBLIOGRAPHY NUMBER
National bibliography number GB53-9231
035 ## - SYSTEM CONTROL NUMBER
System control number (OCoLC)1535675
040 ## - CATALOGING SOURCE
Original cataloging agency DLC
Transcribing agency FMU
Modifying agency OCoLC
-- Uk
-- DLC
042 ## - AUTHENTICATION CODE
Authentication code premarc
050 00 - LIBRARY OF CONGRESS CALL NUMBER
Classification number QL62
Item number .D85 1953
082 ## - DEWEY DECIMAL CLASSIFICATION NUMBER
Classification number 579.6
300 ## - PHYSICAL DESCRIPTION
Other physical details illus.
Dimensions 23 cm.
100 1# - MAIN ENTRY--PERSONAL NAME
Personal name Durrell, Gerald,
Dates associated with a name 1925-1995.
9 (RLIN) 10782
245 14 - TITLE STATEMENT
Title The overloaded ark;
Statement of responsibility, etc with illus. by Sabine Baur.
260 ## - PUBLICATION, DISTRIBUTION, ETC. (IMPRINT)
Place of publication, distribution, etc London,
Name of publisher, distributor, etc Faber & Faber
Date of publication, distribution, etc [1953]
300 ## - PHYSICAL DESCRIPTION
Extent 238 p.
650 #0 - SUBJECT ADDED ENTRY--TOPICAL TERM
Topical term or geographic name as entry element Zoological specimens
General subdivision Collection and preservation.
9 (RLIN) 10783
650 #0 - SUBJECT ADDED ENTRY--TOPICAL TERM
Topical term or geographic name as entry element Zoology
Geographic subdivision Cameroon.
9 (RLIN) 10784
906 ## - LOCAL DATA ELEMENT F, LDF (RLIN)
a 7
b cbc
c oclcrpl
d u
e ncip
f 19
g y-gencatlg
942 ## - ADDED ENTRY ELEMENTS (KOHA)
Source of classification or shelving scheme Library of Congress Classification
Koha item type SPC
Holdings
Withdrawn status Lost status Source of classification or shelving scheme Damaged status Not for loan Collection code Home library Current library Shelving location Date acquired Total Checkouts Full call number Barcode Date last seen Price effective from Koha item type
    Library of Congress Classification     SPECIAL Collection ARRUPE LIBRARY ARRUPE LIBRARY Main Collection 10/06/2014   SPC QL62 .D85 1953 46500000674 10/06/2014 10/06/2014 SPC

 

Arrupe Library. PO Box MP320 Mt Pleasant, Harare, Zimbabwe
263 242 745411|librarian@aju.ac.zw